000 00340nam a22001457a 4500
027 _qPB.
040 _cFIZZA ISHAQ
082 _a005.133
_bMAL
100 _aMALIK, D.S
_918066
245 _aC++ PROGRAMMING /
_cD.S, MALIK
250 _a5TH ED.
260 _aNEWYORK :
_bCENGAGE LEARNING,
_c2011.
300 _a1574 P. ;
942 _2ddc
_cBK
999 _c566359
_d566359